[Event "SGP-ch 74th"]
[Site "Singapore"]
[Date "2023.02.10"]
[Round "7"]
[White "Lakshminarasimhan, Rahul"]
[Black "Vijay, Rege"]
[Result "1/2-1/2"]
[WhiteElo "1576"]
[BlackElo "1351"]
[PlyCount "54"]
[EventDate "2023.01.27"]
[EventType "swiss"]
[EventRounds "9"]
[EventCountry "SIN"]
[SourceTitle "EXT 2024"]
[Source "ChessBase"]
[SourceDate "2023.10.10"]
[SourceVersion "1"]
[SourceVersionDate "2023.10.10"]
[SourceQuality "1"]

1. d4 d5 2. Nf3 Nf6 3. Bf4 c5 4. e3 Nc6 5. Nbd2 cxd4 6. exd4 Bf5 7. c3 e6 8. Ne5 Bd6 9. Bb5 Bxe5 10. dxe5 Nd7 11. Qa4 Qb6 12. Be3 Qc7 13. Nf3 0-0 14. Bd4 Ndxe5 15. Nxe5 Nxe5 16. 0-0 Nc6 17. Be3 a6 18. Be2 Rfc8 19. h4 b5 20. Qd1 Ne7 21. Bf3 Be4 22. Bxe4 dxe4 23. Qd4 Qc4 24. Qe5 Qd5 25. Qg3 Qh5 26. Qf4 Qf5 27. Qg3 Qh5 1/2-1/2

[Event "Tanglin op"]
[Site "Singapore"]
[Date "2022.06.01"]
[Round "7"]
[White "Suryavarman, Chandrasekar"]
[Black "Lakshminarasimhan, Rahul"]
[Result "1-0"]
[WhiteElo "1408"]
[BlackElo "1552"]
[PlyCount "109"]
[EventDate "2022.05.28"]
[EventType "swiss"]
[EventRounds "9"]
[EventCountry "SIN"]
[SourceTitle "CBM 208 Extra"]
[Source "ChessBase"]
[SourceDate "2022.07.31"]
[SourceVersion "1"]
[SourceVersionDate "2022.07.31"]
[SourceQuality "1"]

1. e4 c5 2. Nc3 g6 3. g3 Bg7 4. Bg2 Nc6 5. Nge2 d6 6. 0-0 e6 7. d3 Nge7 8. Be3 Nd4 9. Qd2 0-0 10. Nd1 Rb8 11. c3 Nxe2+ 12. Qxe2 e5 13. f4 b6 14. c4 Be6 15. Nc3 f5 16. Nd5 Bxd5 17. cxd5 exf4 18. Bxf4 Re8 19. Qd2 fxe4 20. dxe4 Qd7 21. Bh6 Nc8 22. Bxg7 Kxg7 23. Rf4 Ne7 24. Raf1 Rf8 25. Rxf8 Rxf8 26. Rxf8 Kxf8 27. Qh6+ Kg8 28. Bh3 Qe8 29. Be6+ Kh8 30. Qf4 Ng8 31. Qxd6 Kg7 32. e5 Qa4 33. Qd7+ Qxd7 34. Bxd7 Kf8 35. d6 Kf7 36. e6+ Kf6 37. e7 Nxe7 38. dxe7 Kxe7 39. Bb5 Kd6 40. Kf2 Kd5 41. b3 Kd4 42. a4 Kc3 43. Bc4 a6 44. Kf3 b5 45. axb5 axb5 46. Bxb5 Kxb3 47. Kf4 Kb4 48. Be2 h6 49. Ke5 Kc3 50. Kf6 Kd2 51. Bb5 g5 52. Kg6 g4 53. Kh5 Kc3 54. Kxg4 Kb4 55. Bf1 1-0

[Event "Tanglin op"]
[Site "Singapore"]
[Date "2022.05.31"]
[Round "6"]
[White "Lakshminarasimhan, Rahul"]
[Black "Sivakumar, Ashvin"]
[Result "0-1"]
[WhiteElo "1552"]
[BlackElo "2200"]
[PlyCount "94"]
[EventDate "2022.05.28"]
[EventType "swiss"]
[EventRounds "9"]
[EventCountry "SIN"]
[SourceTitle "CBM 208 Extra"]
[Source "ChessBase"]
[SourceDate "2022.07.31"]
[SourceVersion "1"]
[SourceVersionDate "2022.07.31"]
[SourceQuality "1"]

1. d4 Nf6 2. Nf3 d6 3. Bf4 g6 4. e3 Bg7 5. h3 0-0 6. Be2 Nbd7 7. c3 b6 8. 0-0 Bb7 9. Nbd2 Re8 10. a4 a5 11. Qc2 e5 12. Bg5 Qe7 13. Rac1 Qe6 14. Bc4 d5 15. Be2 c5 16. dxe5 Nxe5 17. Nxe5 Qxe5 18. Bf4 Qe7 19. Bb5 Red8 20. Rfe1 Ne8 21. e4 d4 22. cxd4 Rxd4 23. Be3 Rd6 24. Nc4 Re6 25. f3 Nc7 26. Rcd1 Nxb5 27. axb5 Rf8 28. Qd2 Bc8 29. Bg5 Qe8 30. Bf4 Qxb5 31. Qc2 Ba6 32. Ne3 Qxb2 33. Qa4 Bb5 34. Qc2 Qxc2 35. Nxc2 Ba4 36. Rc1 f5 37. e5 Rfe8 38. Na3 Bb3 39. Rc3 a4 40. Nc4 b5 41. Na5 c4 42. Nb7 Bxe5 43. Bxe5 Rxe5 44. Rxe5 Rxe5 45. Nd6 a3 46. Rc1 Rd5 47. Nb7 Rd1+ 0-1

[Event "Eastern Asia-ch U14"]
[Site "Tornelo INT"]
[Date "2021.10.31"]
[Round "7"]
[White "Jain, Adi"]
[Black "Lakshminarasimhan, Rahul"]
[Result "1-0"]
[WhiteElo "1512"]
[BlackElo "1150"]
[PlyCount "139"]
[EventDate "2021.10.29"]
[EventType "swiss"]
[EventRounds "9"]
[EventCountry "NET"]
[SourceTitle "EXT 2023"]
[Source "ChessBase"]
[SourceDate "2022.10.05"]
[SourceVersion "1"]
[SourceVersionDate "2022.10.05"]
[SourceQuality "1"]

1. Nf3 d5 2. c4 e6 3. g3 Nf6 4. Bg2 c6 5. b3 Be7 6. 0-0 0-0 7. d4 Nbd7 8. Nbd2 b6 9. Bb2 Bb7 10. Qc2 Rc8 11. e4 dxe4 12. Nxe4 c5 13. Nxf6+ Bxf6 14. Rad1 cxd4 15. Bxd4 Bxd4 16. Rxd4 Qc7 17. Ng5 Nf6 18. Bxb7 Qxb7 19. Rfd1 h6 20. Ne4 Nxe4 21. Qxe4 Qxe4 22. Rxe4 Rfd8 23. Red4 Rxd4 24. Rxd4 Rc7 25. Rd8+ Kh7 26. Kf1 Kg6 27. Ke2 Kf6 28. Kd3 Ke7 29. Rg8 Rd7+ 30. Kc2 Kf6 31. Rc8 Ke5 32. c5 bxc5 33. Rxc5+ Kd6 34. Rc3 Rb7 35. a3 e5 36. b4 f5 37. Kb3 Rc7 38. Rxc7 Kxc7 39. b5 Kd6 40. Kc4 g5 41. a4 h5 42. a5 f4 43. b6 axb6 44. axb6 e4 45. gxf4 gxf4 46. Kd4 e3 47. fxe3 fxe3 48. Kxe3 h4 49. Kf4 h3 50. Kg3 Kc6 51. Kxh3 Kxb6 52. Kg4 Kc7 53. Kg5 Kd8 54. Kg6 Ke8 55. Kg7 Ke7 56. h4 Ke6 57. h5 Kf5 58. h6 Kg5 59. h7 Kf5 60. h8Q Ke6 61. Qh5 Kd6 62. Qf5 Kc6 63. Qe5 Kb6 64. Qd5 Ka6 65. Qb3 Ka5 66. Kf6 Ka6 67. Ke6 Ka5 68. Kd5 Ka6 69. Kc6 Ka5 70. Qa3# 1-0

[Event "Eastern Asia-ch U14"]
[Site "Tornelo INT"]
[Date "2021.10.30"]
[Round "5"]
[White "Arhan, Chethan Anand"]
[Black "Lakshminarasimhan, Rahul"]
[Result "1-0"]
[WhiteElo "1456"]
[BlackElo "1150"]
[PlyCount "87"]
[EventDate "2021.10.29"]
[EventType "swiss"]
[EventRounds "9"]
[EventCountry "NET"]
[SourceTitle "EXT 2023"]
[Source "ChessBase"]
[SourceDate "2022.10.05"]
[SourceVersion "1"]
[SourceVersionDate "2022.10.05"]
[SourceQuality "1"]

1. d4 Nf6 2. c4 e6 3. Nc3 d5 4. cxd5 exd5 5. Bg5 c6 6. Qc2 Be7 7. e3 0-0 8. Bd3 h6 9. Bf4 Be6 10. Nf3 Bd6 11. Bxd6 Qxd6 12. 0-0-0 a5 13. h3 b5 14. g4 Na6 15. Kb1 Nb4 16. Qe2 a4 17. g5 hxg5 18. Nxg5 Nxd3 19. Qxd3 b4 20. Ne2 Ne4 21. Nxe4 dxe4 22. Qd2 Qd5 23. Nc1 b3 24. a3 Rfc8 25. Ne2 c5 26. Nf4 Qd6 27. d5 Bf5 28. Qc3 Rd8 29. Rhg1 g6 30. Nh5 Kf8 31. Nf4 Ke7 32. Rg3 Rac8 33. h4 f6 34. Nxg6+ Bxg6 35. Rxg6 Rg8 36. h5 Rxg6 37. hxg6 Qe5 38. d6+ Kd7 39. Qc4 Qe6 40. Qxa4+ Rc6 41. Qxc6+ Kxc6 42. d7 Qxd7 43. Rxd7 Kxd7 44. g7 1-0

[Event "Eastern Asia-ch U14"]
[Site "Tornelo INT"]
[Date "2021.10.29"]
[Round "3"]
[White "Can, Chi Thanh1111"]
[Black "Lakshminarasimhan, Rahul"]
[Result "1/2-1/2"]
[WhiteElo "1672"]
[BlackElo "1150"]
[PlyCount "78"]
[EventDate "2021.10.29"]
[EventType "swiss"]
[EventRounds "9"]
[EventCountry "NET"]
[SourceTitle "EXT 2023"]
[Source "ChessBase"]
[SourceDate "2022.10.05"]
[SourceVersion "1"]
[SourceVersionDate "2022.10.05"]
[SourceQuality "1"]

1. d4 Nf6 2. c4 e6 3. Nf3 d5 4. Bg5 Be7 5. Nc3 c6 6. e3 0-0 7. Rc1 Nbd7 8. Bd3 dxc4 9. Bxc4 b5 10. Bd3 Bb7 11. 0-0 a6 12. a4 Nd5 13. Bxe7 Qxe7 14. Ne4 Nb4 15. Nc5 Nxd3 16. Qxd3 Nxc5 17. Rxc5 Rfd8 18. Rfc1 f6 19. Qc3 Rd5 20. a5 Rad8 21. Kf1 e5 22. dxe5 Rd3 23. Qc2 fxe5 24. Nxe5 R3d5 25. Nxc6 Bxc6 26. Rxc6 Rd2 27. Qb3+ Kh8 28. Rc8 Rxf2+ 29. Kxf2 Qf8+ 30. Ke2 Rxc8 31. Qf7 Qd8 32. Qe7 Qg8 33. Rc7 Rxc7 34. Qxc7 h6 35. Qc6 Qb3 36. Qxa6 Qc2+ 37. Kf3 Qf5+ 38. Kg3 Qg5+ 39. Kf2 Qf5+ 1/2-1/2